Guess the Lyrics 3 (Children's Show) Quiz Stats

 Plays Quiz not verified by Sporcle

Also try: TV Dads
Challenge
Share
Tweet
Embed
Score 0/112 Timer 08:00
0 Plays Today
% Correct
a
95.1%
a
95.1%
the
89.6%
the
89.6%
the
89.6%
the
89.6%
you
82.6%
you
82.6%
you--
82.6%
you
82.6%
and
76.8%
to
73%
to
73%
to
73%
to
73%
to
73%
to
73%
to
73%
To
73%
to
73%
to
73%
to
73%
to
73%
to
73%
to
73%
to
73%
to...
73%
me
69.3%
me
69.3%
me
69.3%
is
63.2%
is
63.2%
we
62.3%
Can
60.6%
Can
60.6%
Can
60.6%
On
58.3%
On
58.3%
% Correct
Day
56.2%
Day
56.2%
where
51.6%
where
51.6%
where
51.6%
how
49.9%
How
49.9%
how
49.9%
How
49.9%
how
49.9%
How
49.9%
How
49.9%
How
49.9%
get,
47.8%
get
47.8%
get
47.8%
get
47.8%
get,
47.8%
get
47.8%
get
47.8%
get
47.8%
Street
47.2%
Street
47.2%
Street...
47.2%
Street
47.2%
tell
47%
tell
47%
tell
47%
my
46.7%
my
46.7%
Sesame
46.4%
Sesame
46.4%
Sesame
46.4%
Sesame
46.4%
way
45.2%
way
45.2%
Sunny
42.9%
Sunny
42.9%
% Correct
away
41.2%
away
41.2%
clouds
39.4%
clouds
39.4%
air
35.1%
air
35.1%
It's
34.2%
What
33%
play
31.6%
there
31.3%
sweet
29.9%
Come
29.9%
Every
29.9%
sweet
29.9%
Sweepin'
27.5%
Sweepin'
27.5%
meet
23.5%
like
22.9%
like
22.9%
will
22.3%
Friendly
20.9%
Everything's
20%
A-OK
19.7%
neighbors
19.7%
That's
18.6%
people
17.1%
people
17.1%
happy
16.8%
Happy
16.8%
magic
15.1%
carpet
14.8%
ride
14.8%
beautiful
14.5%
open
10.7%
door
10.4%
wide
8.7%

You're not logged in!

Compare scores with friends on all Sporcle quizzes.
Join for Free
OR
Log In

You Might Also Like...

Show Comments

Extras

Created Oct 12, 2010ReportNominate
Tags:Show Quiz, children

Top Quizzes Today


Score Distribution

Your Account Isn't Verified!

In order to create a playlist on Sporcle, you need to verify the email address you used during registration. Go to your Sporcle Settings to finish the process.

Report this User

Report this user for behavior that violates our Community Guidelines.

Details: